The Hunger Games Trivia - Statistics

General Stats
  • This quiz has been taken 5,114 times
    5,108 since last reset
  • The average score is 11 of 15
Answer Stats
Hint Answer % Correct
Peeta's training score. eight
93%
Katniss's training score. eleven
93%
Rue's training score. seven
92%
Fox Face's district number. five
91%
District number of the boy who fights with Katniss over the orange backpack at the Cornucopia. nine
85%
Color of the backpack that Katniss gets from the Cornucopia. orange
85%
color of Cinna's eyeliner gold
84%
Number of tributes who die on the first day. twelve
83%
A bag of this blew up the Career's stash of loot at the Cornucopia. apples
77%
Person Katniss steals the bow and arrows off of. Glimmer
76%
Person who falls off the stage at the District Twelve reaping. Haymitch Abernathy
70%
District Eleven tributes. Thresh and Rue
67%
Katniss's first parachute contents. burn medicine
61%
District Two tributes. Cato and Clove
61%
Thing Katniss gets at the Cornucopia but then drops. loaf of bread
25%
No matching quizzes found
Score Distribution
Percent of People with Each Score
Percentile by Number Answered
Your Score History
You have not taken this quiz since the last reset